Multiple Choice City Quiz – Seattle - Statistics

General Stats
  • This quiz has been taken 32 times
  • The average score is 8 of 10
Answer Stats
Question Answer % Correct
Seattle is the capital of Washington False
100%
What might you see being thrown at Pike Place Market? Fish
100%
Seattle lies on the... Puget Sound
96%
Which music genre is most commonly associated with the Seattle scene? Grunge
92%
Seattle resides in this county: King
92%
Which peak is easily visible from anywhere in Seattle? Mount Rainier
92%
Which company was NOT founded in the Seattle area? Google
84%
This is Seattle's baseball team: Mariners
84%
Which year was the Seattle World's Fair held? 1962
60%
Seattle is larger than all of these cities (by city proper population) except... Indianapolis
28%
No matching quizzes found
Score Distribution
Percent of People with Each Score
Percentile by Number Answered
Your Score History
You have not taken this quiz